[Event "UAE-ch President Cup"]
[Site "Abu Dhabi"]
[Date "2019.12.23"]
[Round "9"]
[White "Hamad, Essam"]
[Black "Al Darmaky, Sultan"]
[Result "1/2-1/2"]
[WhiteElo "1931"]
[BlackElo "1811"]
[PlyCount "30"]
[EventDate "2019.12.15"]
[EventType "swiss"]
[EventRounds "9"]
[EventCountry "UAE"]
[SourceTitle "CBM 193 Extra"]
[Source "ChessBase"]
[SourceDate "2020.01.31"]
[SourceVersion "1"]
[SourceVersionDate "2020.01.31"]
[SourceQuality "1"]

1. e4 c5 2. Nf3 d6 3. c3 Nf6 4. h3 Nc6 5. d4 cxd4 6. cxd4 Nxe4 7. d5 Qa5+ 8. Nc3 Nxc3 9. bxc3 Ne5 10. Nxe5 Qxc3+ 11. Bd2 Qxe5+ 12. Be3 Qc3+ 13. Bd2 Qe5+ 14. Be3 Qc3+ 15. Bd2 Qe5+ 1/2-1/2

[Event "UAE-ch President Cup"]
[Site "Abu Dhabi"]
[Date "2019.12.22"]
[Round "8"]
[White "Abdulaziz, Saleh"]
[Black "Hamad, Essam"]
[Result "0-1"]
[WhiteElo "1248"]
[BlackElo "1931"]
[PlyCount "60"]
[EventDate "2019.12.15"]
[EventType "swiss"]
[EventRounds "9"]
[EventCountry "UAE"]
[SourceTitle "CBM 193 Extra"]
[Source "ChessBase"]
[SourceDate "2020.01.31"]
[SourceVersion "1"]
[SourceVersionDate "2020.01.31"]
[SourceQuality "1"]

1. e4 b6 2. d4 Bb7 3. Nc3 e6 4. Bd3 Bb4 5. Nge2 d5 6. Bd2 c5 7. exd5 exd5 8. a3 Ba5 9. dxc5 bxc5 10. 0-0 Ne7 11. Ng3 0-0 12. Nf5 Nxf5 13. Bxf5 d4 14. Ne2 Bxd2 15. Qxd2 Bxg2 16. Kxg2 Qd5+ 17. Kg1 Qxf5 18. Ng3 Qg6 19. Qd3 f5 20. Qc4+ Kh8 21. Qxc5 Na6 22. Qxd4 f4 23. Qe4 fxg3 24. Qxg6 gxh2+ 25. Kxh2 hxg6 26. b4 Rac8 27. Rac1 Rc3 28. b5 Nc5 29. a4 Nxa4 30. Ra1 Rf4 0-1

[Event "UAE-ch President Cup"]
[Site "Abu Dhabi"]
[Date "2019.12.21"]
[Round "7"]
[White "Hamad, Essam"]
[Black "Altaher, Saeed Tarek"]
[Result "1/2-1/2"]
[WhiteElo "1931"]
[BlackElo "1648"]
[PlyCount "72"]
[EventDate "2019.12.15"]
[EventType "swiss"]
[EventRounds "9"]
[EventCountry "UAE"]
[SourceTitle "CBM 193 Extra"]
[Source "ChessBase"]
[SourceDate "2020.01.31"]
[SourceVersion "1"]
[SourceVersionDate "2020.01.31"]
[SourceQuality "1"]

1. h3 d5 2. Nf3 Nf6 3. e3 c5 4. c4 d4 5. b4 b6 6. exd4 cxd4 7. Bb2 e5 8. Nxe5 Bd6 9. Nd3 Nc6 10. Be2 0-0 11. b5 Ne5 12. Nxe5 Bxe5 13. Bf3 Rb8 14. 0-0 Bb7 15. Bxb7 Rxb7 16. Qf3 Re7 17. d3 Rfe8 18. Nd2 Bb8 19. Nb3 Qd6 20. g3 Re3 21. Qg2 Rxd3 22. Rad1 Rxd1 23. Rxd1 Qb4 24. Qf1 Ne4 25. Rxd4 Ng5 26. Kg2 Be5 27. Rd2 Bxb2 28. Rxb2 Qc3 29. Rd2 Qf3+ 30. Kh2 Qe4 31. Nd4 Rd8 32. Qe2 h6 33. h4 Qxe2 34. Rxe2 Rxd4 35. hxg5 Rxc4 36. gxh6 gxh6 1/2-1/2

[Event "UAE-ch President Cup"]
[Site "Abu Dhabi"]
[Date "2019.12.17"]
[Round "3"]
[White "Jumma, Al Mmouhairi"]
[Black "Hamad, Essam"]
[Result "1/2-1/2"]
[WhiteElo "1759"]
[BlackElo "1931"]
[PlyCount "119"]
[EventDate "2019.12.15"]
[EventType "swiss"]
[EventRounds "9"]
[EventCountry "UAE"]
[SourceTitle "CBM 193 Extra"]
[Source "ChessBase"]
[SourceDate "2020.01.31"]
[SourceVersion "1"]
[SourceVersionDate "2020.01.31"]
[SourceQuality "1"]

1. e4 e5 2. Nf3 Nc6 3. Bb5 a6 4. Ba4 d6 5. c3 Bd7 6. d4 g6 7. 0-0 Bg7 8. d5 Nce7 9. c4 b5 10. cxb5 axb5 11. Bc2 f5 12. Ng5 h6 13. Ne6 Bxe6 14. dxe6 Nf6 15. exf5 gxf5 16. Qe2 Rb8 17. a4 b4 18. Nd2 0-0 19. Nf3 b3 20. Bb1 Qc8 21. Qc4 Nfd5 22. Ra3 Rb4 23. Qe2 Qxe6 24. Bd2 Rg4 25. g3 Ng6 26. Kh1 f4 27. Nd4 Qc8 28. Be4 Nde7 29. Nxb3 d5 30. Bg2 Rg5 31. Bb4 e4 32. f3 fxg3 33. fxe4 dxe4 34. Rxf8+ Qxf8 35. hxg3 Rxg3 36. Nc5 Qf4 37. Rxg3 Qxg3 38. Qxe4 Be5 39. Kg1 Nf4 40. Qf3 Bd4+ 41. Kf1 Nf5 42. Bd2 Qxg2+ 43. Qxg2+ Nxg2 44. Ne6 Nge3+ 45. Ke2 Nc4 46. Bxh6 Bxb2 47. Bf4 c6 48. Kd3 Nb6 49. Ke4 Ne7 50. a5 Na8 51. Bd6 Bf6 52. Nd8 Nc8 53. Nxc6 Nxd6+ 54. Kd5 Nb5 55. Nb8 Na7 56. Nd7 Bd8 57. Ke6 Bxa5 58. Nc5 Nb6 59. Nb3 Nb5 60. Nxa5 1/2-1/2

[Event "Wch U20 58th"]
[Site "New Delhi"]
[Date "2019.10.16"]
[Round "2"]
[White "Hamad, Essam"]
[Black "Kukelko, Alexey"]
[Result "1/2-1/2"]
[WhiteElo "1849"]
[BlackElo "2342"]
[PlyCount "66"]
[EventDate "2019.10.15"]
[EventType "swiss"]
[EventRounds "11"]
[EventCountry "IND"]
[SourceTitle "CBM 192 Extra"]
[Source "Chessbase"]
[SourceDate "2019.11.06"]
[SourceVersion "1"]
[SourceVersionDate "2019.11.06"]
[SourceQuality "1"]

1. e4 c5 2. Ne2 Nc6 3. g3 d5 4. Bg2 dxe4 5. Nbc3 f5 6. 0-0 Nf6 7. d3 exd3 8. Nf4 dxc2 9. Bxc6+ bxc6 10. Qxc2 e5 11. Rd1 Qc7 12. Ng2 Be6 13. Na4 Nd7 14. Ne3 g6 15. Nc4 Nb6 16. Naxb6 axb6 17. Qc3 Bg7 18. Nd6+ Kf8 19. Bh6 Kg8 20. Bxg7 Qxg7 21. b4 e4 22. Qe3 Bd5 23. bxc5 Qe5 24. f4 Qe7 25. Rab1 bxc5 26. Qxc5 Qa7 27. Rxd5 cxd5 28. Rb8+ Qxb8 29. Qxd5+ Kg7 30. Qd4+ Kg8 31. Qd5+ Kg7 32. Qd4+ Kg8 33. Qd5+ Kg7 1/2-1/2

[Event "UAE President Cup U14"]
[Site "Ajman"]
[Date "2019.01.06"]
[Round "6"]
[White "Hamad, Essam"]
[Black "Hamad, Bader"]
[Result "1-0"]
[WhiteElo "1749"]
[BlackElo "1408"]
[PlyCount "71"]
[EventDate "2019.01.02"]
[EventType "swiss"]
[EventRounds "9"]
[EventCountry "UAE"]
[SourceTitle "CBM 188 Extra"]
[Source "ChessBase"]
[SourceDate "2019.02.28"]
[SourceVersion "1"]
[SourceVersionDate "2019.02.28"]
[SourceQuality "1"]

1. e4 e6 2. d4 d5 3. Nc3 Nf6 4. Bg5 Be7 5. e5 Nfd7 6. h4 Nc6 7. Qg4 b6 8. Bxe7 Qxe7 9. Qxg7 Qf8 10. Qxf8+ Rxf8 11. Nb5 Kd8 12. 0-0-0 a6 13. Nc3 b5 14. Nf3 Nb6 15. Bd3 h6 16. a3 Nc4 17. g4 Bd7 18. g5 h5 19. Ne2 Ne7 20. Nf4 Rh8 21. Ng1 c6 22. Nge2 Nf5 23. Bxf5 exf5 24. Ng3 Be6 25. Ngxh5 Kc7 26. g6 Rxh5 27. Nxh5 fxg6 28. Nf4 Bf7 29. Rdg1 Rg8 30. Rg5 Kd7 31. Rhg1 Rh8 32. Nxg6 Bxg6 33. Rxg6 Rxh4 34. Rg7+ Ke8 35. Ra7 Rh8 36. Ra8+ 1-0

[Event "UAE President Cup U14"]
[Site "Ajman"]
[Date "2019.01.05"]
[Round "5"]
[White "Mohamed, Saeed Laily"]
[Black "Hamad, Essam"]
[Result "1/2-1/2"]
[WhiteElo "1864"]
[BlackElo "1749"]
[PlyCount "101"]
[EventDate "2019.01.02"]
[EventType "swiss"]
[EventRounds "9"]
[EventCountry "UAE"]
[SourceTitle "CBM 188 Extra"]
[Source "ChessBase"]
[SourceDate "2019.02.28"]
[SourceVersion "1"]
[SourceVersionDate "2019.02.28"]
[SourceQuality "1"]

1. d4 d5 2. c4 e6 3. Nf3 Nf6 4. g3 Be7 5. Bg2 dxc4 6. Ne5 0-0 7. 0-0 Nc6 8. Nxc6 bxc6 9. Bxc6 Rb8 10. e3 Bb7 11. Bxb7 Rxb7 12. Qc2 c5 13. dxc5 Qd3 14. Qa4 Bxc5 15. Nc3 Nd5 16. Nxd5 Qxd5 17. Rd1 Qf3 18. Qc2 Be7 19. Bd2 Qe2 20. Re1 Qd3 21. Qxd3 cxd3 22. Bc3 Bb4 23. Bxb4 Rxb4 24. b3 a5 25. Rad1 Rd8 26. Rd2 a4 27. Red1 Kf8 28. Rxd3 Rxd3 29. Rxd3 axb3 30. axb3 g5 31. f3 f5 32. Kf2 Rb5 33. f4 g4 34. Ke2 Ra5 35. b4 Ra4 36. Rb3 Ke7 37. Rb2 Kd6 38. b5 Kc7 39. b6+ Kb7 40. Kd3 h5 41. Kc3 Re4 42. Kd3 Ra4 43. Re2 Kxb6 44. e4 Kc5 45. Rc2+ Kd6 46. exf5 exf5 47. Re2 h4 48. Re5 hxg3 49. hxg3 Ra3+ 50. Ke2 Rxg3 51. Rxf5 1/2-1/2

[Event "UAE President Cup U14"]
[Site "Ajman"]
[Date "2019.01.04"]
[Round "3"]
[White "Hamad, Essam"]
[Black "Khalifa Essa, Albalooshi"]
[Result "1-0"]
[WhiteElo "1749"]
[BlackElo "1385"]
[PlyCount "73"]
[EventDate "2019.01.02"]
[EventType "swiss"]
[EventRounds "9"]
[EventCountry "UAE"]
[SourceTitle "CBM 188 Extra"]
[Source "ChessBase"]
[SourceDate "2019.02.28"]
[SourceVersion "1"]
[SourceVersionDate "2019.02.28"]
[SourceQuality "1"]

1. e4 d6 2. d4 Nf6 3. Nc3 e5 4. Nf3 Nbd7 5. Bc4 Be7 6. 0-0 0-0 7. Re1 c6 8. a4 a5 9. Ba2 Qc7 10. h3 exd4 11. Nxd4 Nc5 12. Bf4 Rd8 13. Qe2 Ne8 14. Rad1 Bf6 15. e5 dxe5 16. Bxe5 Bxe5 17. Qxe5 Qxe5 18. Rxe5 Na6 19. Re7 Nd6 20. Nxc6 bxc6 21. Rxd6 Be6 22. Rxd8+ Rxd8 23. Bxe6 fxe6 24. Rxe6 Nb4 25. Re2 Kf7 26. Kf1 h6 27. Ke1 Nd5 28. Nxd5 Rxd5 29. Re3 g5 30. Rc3 c5 31. Rd3 Rxd3 32. cxd3 Ke6 33. Kd2 Kd5 34. Kc3 h5 35. g3 h4 36. gxh4 gxh4 37. f4 1-0

[Event "Arab-ch U14 op"]
[Site "Hammamet"]
[Date "2018.10.29"]
[Round "2.3"]
[White "Hamad, Essam"]
[Black "Boulaares, Adam"]
[Result "1/2-1/2"]
[WhiteElo "1761"]
[BlackElo "1552"]
[PlyCount "78"]
[EventDate "2018.10.28"]
[EventType "swiss"]
[EventRounds "9"]
[EventCountry "TUN"]
[SourceTitle "EXT 2024"]
[Source "ChessBase"]
[SourceDate "2023.10.10"]
[SourceVersion "1"]
[SourceVersionDate "2023.10.10"]
[SourceQuality "1"]

1. e4 c6 2. d4 d5 3. Nd2 dxe4 4. Nxe4 Bf5 5. Ng3 Bg6 6. h4 h6 7. Nf3 Nd7 8. h5 Bh7 9. Bd3 Bxd3 10. Qxd3 Ngf6 11. Bd2 Qc7 12. 0-0-0 e6 13. Ne4 Nxe4 14. Qxe4 Nf6 15. Qe2 0-0-0 16. Kb1 Bd6 17. c4 c5 18. Bc3 Rhe8 19. dxc5 Qxc5 20. Bd4 Qf5+ 21. Ka1 Bc5 22. Bxc5 Rxd1+ 23. Rxd1 Qxc5 24. Ne5 Re7 25. Qd3 Qc7 26. f4 Nxh5 27. Qh7 Re8 28. g4 Nxf4 29. Qxg7 Rd8 30. Rxd8+ Qxd8 31. a3 f6 32. Nf7 Qe7 33. Qh8+ Kc7 34. Qxh6 e5 35. Qh7 e4 36. Qh2 e3 37. Qxf4+ Kd7 38. Qd4+ Kc7 39. Qf4+ Kd7 1/2-1/2

[Event "Pardubice Czech op-C 28th"]
[Site "Pardubice"]
[Date "2017.07.28"]
[Round "8"]
[White "Polich, Sergey"]
[Black "Hamad, Essam"]
[Result "1-0"]
[WhiteElo "2054"]
[BlackElo "1628"]
[PlyCount "155"]
[EventDate "2017.07.22"]
[EventType "swiss"]
[EventRounds "9"]
[EventCountry "CZE"]
[SourceTitle "CBM 179 Extra"]
[Source "ChessBase"]
[SourceDate "2017.08.23"]
[SourceVersion "1"]
[SourceVersionDate "2017.08.23"]
[SourceQuality "1"]

1. Nf3 d5 2. d4 Nf6 3. c4 e6 4. Nc3 Nbd7 5. Bg5 Be7 6. e3 h6 7. Bh4 0-0 8. cxd5 Nxd5 9. Bxe7 Qxe7 10. Nxd5 exd5 11. Qd2 Nf6 12. Bd3 Ne4 13. Qc2 Re8 14. 0-0 Bf5 15. b4 c6 16. Rab1 a5 17. a3 axb4 18. axb4 Ra3 19. Rb3 Rea8 20. Bxe4 Bxe4 21. Qc3 Rxb3 22. Qxb3 b5 23. Ne5 Qd6 24. f3 Bf5 25. Rc1 Rc8 26. Rc5 f6 27. Nd3 Ra8 28. Nc1 Kh8 29. Qc3 Ra6 30. Nb3 Bd7 31. Na5 f5 32. Qe1 Ra8 33. Qg3 Qe7 34. Qe5 Qh4 35. Qg3 Qe7 36. Qf4 Re8 37. h4 g5 38. hxg5 hxg5 39. Qe5+ Qxe5 40. dxe5 Rxe5 41. Nxc6 Bxc6 42. Rxc6 Rxe3 43. Rc5 Rb3 44. Rxb5 Kg7 45. Rxd5 Rxb4 46. Rxf5 Kg6 47. g4 Rb2 48. Kf1 Ra2 49. Re5 Rb2 50. Re6+ Kf7 51. Re2 Rb3 52. Kf2 Kf6 53. Ra2 Rc3 54. Ra6+ Kg7 55. Rd6 Ra3 56. Ke2 Rb3 57. Rd3 Rb4 58. Ke3 Kf6 59. Rd6+ Kf7 60. Rd4 Rb5 61. Ke4 Kf6 62. Rd6+ Kg7 63. Rd5 Rb4+ 64. Kf5 Rf4+ 65. Kxg5 Rxf3 66. Rd7+ Kf8 67. Kg6 Ra3 68. Rd8+ Ke7 69. Rg8 Rg3 70. g5 Rg1 71. Kh6 Rh1+ 72. Kg7 Rg1 73. g6 Rg2 74. Ra8 Ke6 75. Ra6+ Kf5 76. Kf7 Rb2 77. Ra5+ Kf4 78. g7 1-0

[Event "UAE-ch"]
[Site "Dubai"]
[Date "2016.10.02"]
[Round "5"]
[White "Saeed, Ishaq"]
[Black "Hamad, Essam"]
[Result "1-0"]
[WhiteElo "2310"]
[BlackElo "1558"]
[PlyCount "104"]
[EventDate "2016.09.23"]
[EventType "swiss"]
[EventRounds "7"]
[EventCountry "UAE"]
[SourceTitle "EXT 2017"]
[Source "ChessBase"]
[SourceDate "2016.10.25"]
[SourceVersion "1"]
[SourceVersionDate "2016.10.25"]
[SourceQuality "1"]

1. Nf3 Nf6 2. c4 e6 3. b3 d5 4. Bb2 Nbd7 5. e3 b6 6. cxd5 exd5 7. Bb5 Bb7 8. Ne5 c5 9. Qf3 Qe7 10. Na3 a6 11. Nxd7 Nxd7 12. Be2 Qe4 13. Qg3 Qg6 14. Rc1 Bd6 15. f4 Nf6 16. Bf3 Rb8 17. 0-0 0-0 18. Qxg6 fxg6 19. Nb1 Rfd8 20. g3 Bc8 21. Bxf6 gxf6 22. Bxd5+ Kg7 23. Bf3 Bb7 24. Bxb7 Rxb7 25. Kf2 f5 26. Rc2 Rbd7 27. Ke2 Be7 28. Nc3 b5 29. Rfc1 Bf6 30. Nb1 Be7 31. Ke1 Rd3 32. Nc3 Bf6 33. Ne2 Be7 34. Ng1 R3d5 35. Nf3 Bd6 36. Ke2 Re8 37. Rb1 h6 38. Rbc1 Kf6 39. h4 Re7 40. Rc3 Rd7 41. R1c2 a5 42. Ne5 Rc7 43. d4 Bxe5 44. fxe5+ Ke6 45. Kd3 Rc8 46. a3 Rc7 47. Rxc5 Rcxc5 48. Rxc5 Rxc5 49. dxc5 Kxe5 50. b4 axb4 51. axb4 Kd5 52. Ke2 g5 1-0

[Event "UAE-ch"]
[Site "Dubai"]
[Date "2016.10.01"]
[Round "4"]
[White "Hamad, Essam"]
[Black "Al Darmaky, Sultan"]
[Result "1-0"]
[WhiteElo "1558"]
[BlackElo "1587"]
[PlyCount "79"]
[EventDate "2016.09.23"]
[EventType "swiss"]
[EventRounds "7"]
[EventCountry "UAE"]
[SourceTitle "EXT 2017"]
[Source "ChessBase"]
[SourceDate "2016.10.25"]
[SourceVersion "1"]
[SourceVersionDate "2016.10.25"]
[SourceQuality "1"]

1. e4 c5 2. Nf3 e6 3. c3 d5 4. exd5 Qxd5 5. d4 Nf6 6. Na3 Nc6 7. Be3 Be7 8. Nb5 Qd8 9. dxc5 Nd5 10. Bd4 a6 11. Na3 Nxd4 12. cxd4 Bd7 13. Bc4 Nf4 14. 0-0 Bc6 15. Re1 0-0 16. Bf1 Ng6 17. Nc4 Nh4 18. Nfe5 Nf5 19. Nxc6 bxc6 20. Nb6 Ra7 21. Re4 Bf6 22. Qa4 Bxd4 23. Rd1 Qf6 24. Rexd4 Nxd4 25. Rxd4 Rd8 26. Rxd8+ Qxd8 27. Qxc6 Rc7 28. Qd6 Qxd6 29. cxd6 Rc6 30. Nc4 Kf8 31. f4 Rc5 32. Kf2 Rd5 33. Ke3 Rd1 34. Be2 Rh1 35. h3 Ra1 36. a3 f5 37. Ne5 Rb1 38. Bxa6 Rxb2 39. Bc8 Rb5 40. Bxe6 1-0

[Event "Sharjah op rapid"]
[Site "Sharjah"]
[Date "2016.06.12"]
[Round "1"]
[White "Adly, Ahmed"]
[Black "Hamad, Essam"]
[Result "1-0"]
[WhiteElo "2607"]
[BlackElo "1494"]
[PlyCount "47"]
[EventDate "2016.06.12"]
[EventType "swiss (rapid)"]
[EventRounds "9"]
[EventCountry "UAE"]
[SourceTitle "CBM 173 Extra"]
[Source "ChessBase"]
[SourceDate "2016.08.29"]
[SourceVersion "1"]
[SourceVersionDate "2016.08.29"]
[SourceQuality "1"]

1. e4 e5 2. Nf3 Nc6 3. Bb5 a6 4. Ba4 d6 5. 0-0 Bd7 6. c3 g6 7. d4 Bg7 8. Re1 b5 9. Bb3 Nge7 10. dxe5 Nxe5 11. Nxe5 dxe5 12. Bg5 h6 13. Qf3 0-0 14. Bf6 Be6 15. Bxg7 Kxg7 16. Bxe6 fxe6 17. Qe3 Qd6 18. Nd2 Rad8 19. Nb3 Qb6 20. Nc5 Rd6 21. b4 Rfd8 22. a4 a5 23. bxa5 Qa7 24. Nxe6+ 1-0

[Event "UAE-ch U15 int"]
[Site "Al Ain"]
[Date "2015.04.08"]
[Round "5"]
[White "Ali, M Alkindi"]
[Black "Hamad, Essam"]
[Result "1-0"]
[WhiteElo "1569"]
[BlackElo "1350"]
[PlyCount "53"]
[EventDate "2015.04.06"]
[EventType "swiss"]
[EventRounds "9"]
[EventCountry "UAE"]
[SourceTitle "CBM 166 Extra"]
[Source "ChessBase"]
[SourceDate "2015.06.18"]
[SourceVersion "1"]
[SourceVersionDate "2015.06.18"]
[SourceQuality "1"]

1. d4 d5 2. Nf3 Nf6 3. g3 e6 4. Bg2 Be7 5. 0-0 0-0 6. c4 c5 7. Ne5 Nc6 8. e3 cxd4 9. exd4 Ne4 10. Re1 f5 11. Bf4 Qb6 12. Nxc6 bxc6 13. b3 Bb4 14. Re3 c5 15. Be5 cxd4 16. Bxd4 Bc5 17. Bxc5 Qxc5 18. cxd5 exd5 19. b4 Qc6 20. Bxe4 fxe4 21. Nc3 Bb7 22. Qd4 Rac8 23. Qxa7 Qf6 24. Re2 Qxc3 25. Qxb7 Qf3 26. Rd2 Rf7 27. Qb6 1-0

[Event "UAE-ch U15 int"]
[Site "Al Ain"]
[Date "2015.04.06"]
[Round "2"]
[White "Hamad, Essam"]
[Black "Agmanov, Zhandos"]
[Result "0-1"]
[WhiteElo "1350"]
[BlackElo "2201"]
[PlyCount "62"]
[EventDate "2015.04.06"]
[EventType "swiss"]
[EventRounds "9"]
[EventCountry "UAE"]
[SourceTitle "CBM 166 Extra"]
[Source "ChessBase"]
[SourceDate "2015.06.18"]
[SourceVersion "1"]
[SourceVersionDate "2015.06.18"]
[SourceQuality "1"]

1. e4 c5 2. Nf3 Nc6 3. Bb5 g6 4. c3 Bg7 5. d4 cxd4 6. cxd4 Qb6 7. Nc3 e6 8. Be3 Nge7 9. 0-0 d5 10. Ne5 0-0 11. Qd2 Bxe5 12. dxe5 d4 13. Bh6 dxc3 14. Qg5 Qxb5 15. Bxf8 Kxf8 16. bxc3 Qxe5 17. Qxe5 Nxe5 18. Rad1 Bd7 19. f4 Bb5 20. Rf2 Nd3 21. Rf3 Nc5 22. Rd4 Nc6 23. Rd2 Nxe4 24. Rb2 Ba6 25. Re3 f5 26. g4 Rd8 27. h3 Na5 28. Rb4 Rd1+ 29. Kg2 b6 30. Kf3 Rd2 31. Rbxe4 Bb7 0-1

[Event "Al Ain op 3rd"]
[Site "Al Ain"]
[Date "2014.12.25"]
[Round "8"]
[White "Hamad, Essam"]
[Black "Alur, Varun"]
[Result "0-1"]
[WhiteElo "1383"]
[BlackElo "1350"]
[PlyCount "56"]
[EventDate "2014.12.19"]
[EventType "swiss"]
[EventRounds "9"]
[EventCountry "UAE"]
[SourceTitle "CBM 164 Extra"]
[Source "ChessBase"]
[SourceDate "2015.03.02"]
[SourceVersion "1"]
[SourceVersionDate "2015.03.02"]
[SourceQuality "1"]

1. e4 e5 2. Nf3 Nc6 3. Nc3 Nf6 4. d4 exd4 5. Nxd4 Be7 6. Nxc6 dxc6 7. Qxd8+ Bxd8 8. Bd3 Be6 9. 0-0 0-0 10. Re1 Be7 11. Bf4 Rac8 12. Rad1 Bb4 13. a3 Ba5 14. b4 Bb6 15. Na4 Bd4 16. e5 Nd5 17. Bxh7+ Kh8 18. Rxd4 Nxf4 19. Rxf4 g5 20. Rf6 Kxh7 21. Nc5 Bd5 22. Nxb7 Kg7 23. Nc5 Rfe8 24. c4 Bxc4 25. Rxc6 Rcd8 26. Rxc7 Rxe5 27. Re7 Rxe7 28. Rc1 Rde8 0-1

[Event "Sharjah op blitz"]
[Site "Sharjah"]
[Date "2014.07.09"]
[Round "5"]
[White "Jawhar, Oussama"]
[Black "Hamad, Essam"]
[Result "1-0"]
[WhiteElo "1721"]
[BlackElo "1383"]
[PlyCount "135"]
[EventDate "2014.07.09"]
[EventType "swiss (blitz)"]
[EventRounds "9"]
[EventCountry "UAE"]
[SourceTitle "EXT 2016"]
[Source "ChessBase"]
[SourceDate "2015.10.08"]
[SourceVersion "1"]
[SourceVersionDate "2015.10.08"]
[SourceQuality "1"]

1. d4 Nf6 2. Nf3 d5 3. Bf4 Bf5 4. c4 dxc4 5. Qa4+ Nc6 6. Ne5 Qd6 7. Qxc4 Nxd4 8. Qxf7+ Kd8 9. Qc4 b5 10. Nf7+ Kd7 11. Qxb5+ Nxb5 12. Nxd6 Nxd6 13. Nc3 Rb8 14. b3 Nfe4 15. Nxe4 Bxe4 16. f3 Bg6 17. e4 e6 18. 0-0-0 Rb6 19. e5 Rc6+ 20. Kb2 Rc2+ 21. Ka3 Rc6 22. Bb5 Ke7 23. exd6+ cxd6 24. Bxc6 Kf6 25. Bg3 d5+ 26. Kb2 Be7 27. Rhe1 Rc8 28. Bb5 Rc2+ 29. Ka1 Kf7 30. Bd3 Bf6+ 31. Kb1 Rxg2 32. Bxg6+ Kxg6 33. a4 Kf5 34. Rc1 e5 35. Rc6 e4 36. fxe4+ dxe4 37. Rc5+ Kg6 38. Be5 Bxe5 39. Rxe5 Rxh2 40. R5xe4 Rh5 41. Rg1+ Rg5 42. Rxg5+ Kxg5 43. Re7 Kg6 44. Rxa7 h5 45. Ra5 h4 46. Re5 h3 47. Re3 h2 48. Rh3 Kf5 49. Rxh2 g5 50. Kb2 g4 51. Rh1 Kf4 52. Rg1 g3 53. a5 Kf3 54. a6 Kf2 55. Rxg3 Kxg3 56. a7 Kf4 57. a8Q Kf5 58. Qc6 Kg5 59. b4 Kg4 60. b5 Kh5 61. b6 Kg5 62. b7 Kh5 63. b8Q Kh4 64. Qe4+ Kh5 65. Qbe5+ Kh6 66. Qc6+ Kh7 67. Qec7+ Kh8 68. Qa8# 1-0

[Event "Sharjah op rapid"]
[Site "Sharjah"]
[Date "2014.07.08"]
[Round "7"]
[White "Hamad, Essam"]
[Black "Sindarov, Islombek"]
[Result "0-1"]
[WhiteElo "1383"]
[BlackElo "1671"]
[PlyCount "118"]
[EventDate "2014.07.05"]
[EventType "swiss (rapid)"]
[EventRounds "9"]
[EventCountry "UAE"]
[SourceTitle "CBM 161 Extra"]
[Source "ChessBase"]
[SourceDate "2014.08.29"]
[SourceVersion "1"]
[SourceVersionDate "2014.08.29"]
[SourceQuality "1"]

1. e4 e5 2. Nf3 Nc6 3. Nc3 Nf6 4. d4 exd4 5. Nxd4 Nxd4 6. Qxd4 d6 7. Bc4 Be7 8. 0-0 0-0 9. Bg5 h6 10. Bh4 Bd7 11. Rfe1 Bc6 12. Rad1 b6 13. Bb5 Bb7 14. e5 dxe5 15. Qxe5 Bd6 16. Bxf6 Bxe5 17. Bxd8 Bxc3 18. bxc3 Raxd8 19. Bc4 Rfe8 20. Rxd8 Rxd8 21. Bd3 Kf8 22. Kf1 Rd6 23. f3 Bd5 24. Bb5 c6 25. Bd3 Be6 26. Kf2 c5 27. Rd1 Ke7 28. Ke3 Kf6 29. Kf4 Bf5 30. g4 g5+ 31. Kg3 Bg6 32. Kf2 Ke5 33. Re1+ Kf6 34. Rd1 Bxd3 35. Rxd3 Rxd3 36. cxd3 Ke5 37. Ke3 f6 38. d4+ cxd4+ 39. cxd4+ Kd5 40. a4 a6 41. Kd3 b5 42. axb5 axb5 43. Kc3 b4+ 44. Kxb4 Kxd4 45. Kb3 Ke3 46. Kc4 Kxf3 47. h3 Kg3 48. Kd5 Kxh3 49. Ke6 Kxg4 50. Kxf6 h5 51. Ke5 h4 52. Ke4 h3 53. Ke3 h2 54. Kf2 h1Q 55. Ke2 Kf4 56. Kd2 Ke4 57. Kc2 Kd4 58. Kd2 Qg2+ 59. Kd1 Kd3 0-1